[Event "Junior Online 4NCL Division 4"]
[Site "online"]
[Date "2020.05.07"]
[Round "4.82"]
[White "Alexander, Ryan"]
[Black "Hurrell, Theo DR"]
[Result "0-1"]
[WhiteElo "1352"]
[BlackElo "1375"]
[PlyCount "60"]
[EventDate "2020.05.07"]
[WhiteTeam "Warwickshire Bears D"]
[BlackTeam "Watford 2"]

1. e4 e5 2. Nf3 Nc6 3. Bc4 Nf6 4. Nc3 Bc5 5. d3 h6 6. O-O d6 7. h3 O-O 8. Qe2
Qe7 9. Be3 Bxe3 10. Qxe3 Be6 11. Bxe6 Qxe6 12. Nb5 Qd7 13. c3 a6 14. Na3 Qe6
15. Rad1 Rfe8 16. b3 Rad8 17. Rd2 d5 18. Rfd1 Rd6 19. c4 dxe4 20. dxe4 Red8 21.
Rxd6 Rxd6 22. Rxd6 Qxd6 23. Qd2 Qxa3 24. Kh2 Qc5 25. Qe2 Nd4 26. Nxd4 Qxd4 27.
f3 b6 28. g4 g6 29. Kg3 Qg1+ 30. Kh4 g5# 0-1

[Event "Junior Online 4NCL Division 4"]
[Site "online"]
[Date "2020.05.07"]
[Round "4.83"]
[White "Istari, Eliya"]
[Black "Vaidyanathan, Adithya"]
[Result "1-0"]
[WhiteElo "1330"]
[BlackElo "1315"]
[PlyCount "111"]
[EventDate "2020.05.07"]
[WhiteTeam "Watford 2"]
[BlackTeam "Warwickshire Bears D"]

1. e4 c5 2. Nf3 b6 3. d4 cxd4 4. Nxd4 e5 5. Nf3 Nc6 6. Nc3 Be7 7. Bb5 Bb7 8.
Be3 d6 9. O-O a6 10. Bxc6+ Bxc6 11. Re1 Nf6 12. Bd2 O-O 13. Qe2 d5 14. exd5
Nxd5 15. Nxe5 Nxc3 16. Bxc3 Bb7 17. Rad1 Qc8 18. Nd7 Qc6 19. Qg4 f6 20. Nxf8
Bxf8 21. Re3 h5 22. Qg6 Bc5 23. Rg3 Bf8 24. Bxf6 Re8 25. Bxg7 Qxg6 26. Rxg6
Bxg7 27. Rxb6 Bd5 28. a3 Bd4 29. Rd6 Re5 30. h3 Bxf2+ 31. Kxf2 Bb7 32. Rd8+ Kf7
33. R8d7+ Re7 34. Rxe7+ Kxe7 35. Kg3 Kf6 36. Rd6+ Kg5 37. h4+ Kf5 38. Rd7 Bc6
39. Rh7 Kg6 40. Rc7 Bd5 41. Rd7 Be4 42. c3 Ba8 43. Rd6+ Kf5 44. Rxa6 Bb7 45.
Rb6 Bd5 46. b4 Bxg2 47. Kxg2 Kg4 48. Kh2 Kxh4 49. a4 Kg4 50. a5 h4 51. a6 h3
52. Rg6+ Kh5 53. Rg1 Kh4 54. a7 Kh5 55. a8=R Kh6 56. Rh8# 1-0

[Event "Junior Online 4NCL Division 4"]
[Site "online"]
[Date "2020.05.07"]
[Round "4.84"]
[White "Purushothaman, Amitesh"]
[Black "George, Seb"]
[Result "0-1"]
[WhiteElo "1285"]
[BlackElo "1285"]
[PlyCount "66"]
[EventDate "2020.05.07"]
[WhiteTeam "Warwickshire Bears D"]
[BlackTeam "Watford 2"]

1. d4 d5 2. c4 c6 3. Nf3 Nf6 4. cxd5 cxd5 5. Bg5 h6 6. Bxf6 gxf6 7. e3 Nc6 8.
a3 e5 9. dxe5 fxe5 10. Nc3 e4 11. Nd2 Rg8 12. Qb3 Ne7 13. Bb5+ Nc6 14. Qxd5
Qxd5 15. Nxd5 Kd8 16. Rg1 Rg5 17. Bxc6 bxc6 18. Nb4 Rb5 19. Nxc6+ Kc7 20. Nd4
Rxb2 21. Rc1+ Kd8 22. Nc6+ Kd7 23. Nxe4 Bxa3 24. g4 Rb6 25. Ne5+ Ke6 26. Rc6+
Rxc6 27. Nxc6 Kd5 28. Ne7+ Bxe7 29. Ng3 Bxg4 30. e4+ Ke5 31. Kf1 Bh3+ 32. Ke2
Rb8 33. f4+ Kxf4 0-1

[Event "Junior Online 4NCL Division 4"]
[Site "online"]
[Date "2020.05.07"]
[Round "4.85"]
[White "Sastry, Shriya"]
[Black "Chan, Daniel"]
[Result "1-0"]
[WhiteElo "1322"]
[BlackElo "1412"]
[PlyCount "105"]
[EventDate "2020.05.07"]
[WhiteTeam "Warwickshire Bears D"]
[BlackTeam "Watford 2"]

1. e4 e5 2. Nf3 Nc6 3. Bc4 Nf6 4. Nc3 d6 5. h3 Bd7 6. d3 Be7 7. Bg5 Nd4 8. Nxd4
exd4 9. Ne2 c5 10. Qd2 h6 11. Bxf6 Bxf6 12. Nf4 Bg5 13. h4 Bxf4 14. Qxf4 Qa5+
15. Qd2 Qxd2+ 16. Kxd2 Be6 17. Bxe6 fxe6 18. c3 Rf8 19. f3 g5 20. hxg5 hxg5 21.
Rh5 g4 22. cxd4 cxd4 23. Rc1 gxf3 24. gxf3 Rxf3 25. Rh8+ Kf7 26. Rxa8 Rf2+ 27.
Ke1 Rh2 28. Rc7+ Kf6 29. Rf8+ Kg5 30. Rg7+ Kh6 31. Rh8+ Kxg7 32. Rxh2 Kf6 33.
Kf2 b5 34. Rh8 a5 35. Rf8+ Ke5 36. Rb8 b4 37. Ra8 a4 38. Rxa4 d5 39. exd5 Kxd5
40. Rxb4 Kc5 41. Rc4+ Kd5 42. Kf3 e5 43. a4 e4+ 44. Ke2 exd3+ 45. Kxd3 Ke5 46.
a5 Kf4 47. Rxd4+ Kg3 48. a6 Kh2 49. a7 Kg2 50. a8=Q+ Kf2 51. Rf4+ Ke1 52. Qe8+
Kd1 53. Rf1# 1-0

[Event "Junior Online 4NCL Division 4"]
[Site "online"]
[Date "2020.05.07"]
[Round "4.86"]
[White "Hurrell, Theo DR"]
[Black "Alexander, Ryan"]
[Result "1-0"]
[WhiteElo "1375"]
[BlackElo "1352"]
[PlyCount "79"]
[EventDate "2020.05.07"]
[WhiteTeam "Watford 2"]
[BlackTeam "Warwickshire Bears D"]

1. e4 e5 2. Nf3 Nc6 3. Nc3 Nf6 4. Bc4 Bc5 5. O-O Nxe4 6. Nxe4 Qe7 7. d3 Bd4 8.
Nxd4 exd4 9. Bg5 Qe5 10. Qf3 d5 11. Rfe1 O-O 12. Nf6+ gxf6 13. Rxe5 Nxe5 14.
Qg3 Re8 15. Bxf6+ Ng6 16. Bxd5 Be6 17. Bxe6 Rxe6 18. Bxd4 Rae8 19. Rf1 b6 20.
Bc3 a5 21. Qxc7 Ne5 22. d4 Nc4 23. Qxc4 Kf8 24. d5 Re4 25. Qd3 a4 26. Bb4+ Rxb4
27. Qa3 Ree4 28. c3 Kg7 29. cxb4 b5 30. Qd3 Rxb4 31. Qc3+ Kg6 32. Qxb4 f5 33.
Qxb5 h5 34. d6 Kg5 35. d7 Kg4 36. d8=Q f4 37. Qg8+ Kh4 38. g3+ fxg3 39. fxg3+
Kh3 40. Qxh5# 1-0

[Event "Junior Online 4NCL Division 4"]
[Site "online"]
[Date "2020.05.07"]
[Round "4.87"]
[White "Vaidyanathan, Adithya"]
[Black "Istari, Eliya"]
[Result "0-1"]
[WhiteElo "1315"]
[BlackElo "1330"]
[PlyCount "76"]
[EventDate "2020.05.07"]
[WhiteTeam "Warwickshire Bears D"]
[BlackTeam "Watford 2"]

1. c4 e5 2. b3 Nf6 3. Bb2 Nc6 4. Nc3 d5 5. d3 d4 6. Ne4 Bb4+ 7. Nd2 Be6 8. a3
Bc3 9. Bxc3 dxc3 10. Nb1 Qd4 11. Qc2 Ng4 12. e3 Qd7 13. h3 Nf6 14. Be2 O-O 15.
Nf3 Rad8 16. Nxc3 Rfe8 17. h4 a6 18. h5 h6 19. O-O Nxh5 20. Nxe5 Nxe5 21. Bxh5
Bg4 22. Bxg4 Nxg4 23. Rad1 Qf5 24. e4 Qh5 25. Rfe1 Qh2+ 26. Kf1 Qh1+ 27. Ke2
Qxg2 28. Rd2 Qxf2+ 29. Kd1 Ne3+ 30. Rxe3 Qxe3 31. Nd5 Qg3 32. Rg2 Qd6 33. Qf2
c6 34. Nf6+ Kf8 35. Nxe8 Qxd3+ 36. Kc1 Qc3+ 37. Kb1 Qxb3+ 38. Qb2 Rd1# 0-1

[Event "Junior Online 4NCL Division 4"]
[Site "online"]
[Date "2020.05.07"]
[Round "4.88"]
[White "George, Seb"]
[Black "Purushothaman, Amitesh"]
[Result "1-0"]
[WhiteElo "1285"]
[BlackElo "1285"]
[PlyCount "35"]
[EventDate "2020.05.07"]
[WhiteTeam "Watford 2"]
[BlackTeam "Warwickshire Bears D"]

1. e4 c5 2. Nf3 e6 3. Nc3 Nc6 4. d4 cxd4 5. Nxd4 Qc7 6. Ndb5 Qb8 7. g3 Nf6 8.
Bg2 Be7 9. Bf4 e5 10. Be3 O-O 11. f4 d6 12. Nd5 Nxd5 13. exd5 Nd8 14. fxe5 dxe5
15. d6 Bf6 16. d7 Ne6 17. dxc8=Q Qxc8 18. Bxa7 1-0

[Event "Junior Online 4NCL Division 4"]
[Site "online"]
[Date "2020.05.14"]
[Round "5.11"]
[White "Asryan, Kagik"]
[Black "Cimurs, Alexander"]
[Result "1-0"]
[WhiteElo "1345"]
[BlackElo "1337"]
[PlyCount "77"]
[EventDate "2020.05.14"]
[WhiteTeam "Harrow Juniors C"]
[BlackTeam "Leicestershire Juniors 2"]

1. e4 e5 2. f4 exf4 3. Nf3 f5 4. exf5 d5 5. d4 Bxf5 6. Bxf4 Qh4+ 7. Nxh4 g6 8.
Nxf5 gxf5 9. Bxc7 Na6 10. Bb5+ Ke7 11. Qe2+ Kf6 12. Qe5+ Kg6 13. Qxh8 Bg7 14.
Qxg7+ Kxg7 15. Be5+ Kf7 16. Bxa6 bxa6 17. O-O Rc8 18. c3 Nh6 19. Nd2 Ng4 20.
Rxf5+ Ke6 21. Rh5 h6 22. Re1 Rf8 23. Bg7+ Kf7 24. Bxf8 Kxf8 25. Rxd5 h5 26.
Rxh5 a5 27. Rxa5 a6 28. Rxa6 Nf6 29. Rxf6+ Kg7 30. Ree6 Kh7 31. a4 Kg7 32. a5
Kh7 33. a6 Kg7 34. d5 Kh7 35. d6 Kg7 36. c4 Kh7 37. Re7+ Kg8 38. c5 Kh8 39.
Rf8# 1-0

[Event "Junior Online 4NCL Division 4"]
[Site "online"]
[Date "2020.05.14"]
[Round "5.12"]
[White "Datoo, Noor"]
[Black "Paul, Alexandre"]
[Result "1-0"]
[WhiteElo "1307"]
[BlackElo "1352"]
[PlyCount "113"]
[EventDate "2020.05.14"]
[WhiteTeam "Leicestershire Juniors 2"]
[BlackTeam "Harrow Juniors C"]

1. e4 e5 2. Nf3 Nc6 3. Nc3 Nf6 4. Bc4 Bb4 5. d3 h6 6. Bd2 O-O 7. a3 Bc5 8. Be3
d6 9. d4 exd4 10. Bxd4 Bg4 11. Bxc5 dxc5 12. O-O Qe7 13. h3 Be6 14. Bxe6 fxe6
15. e5 Nd5 16. Nxd5 exd5 17. Qxd5+ Kh8 18. Qe4 Rae8 19. Rfe1 Qd7 20. Rad1 Qe6
21. Rd5 Rf5 22. g4 Rff8 23. Kg2 g5 24. c3 Rf4 25. Qd3 Ne7 26. Rxc5 c6 27. Re4
b6 28. Rcc4 Nd5 29. Kg3 b5 30. Rcd4 c5 31. Rxd5 Rxe4 32. Qxe4 Qe7 33. e6 Qf8
34. Qe5+ Kh7 35. Rxc5 Re7 36. Rxb5 Qd8 37. Qe4+ Kg8 38. Re5 Qe8 39. c4 Qc8 40.
c5 Qe8 41. c6 a6 42. c7 Rxc7 43. e7 Rc8 44. Re6 Rc7 45. Rg6+ Kf7 46. Qf5+ Kxe7
47. Re6+ Kd8 48. Qf6+ Re7 49. Qd4+ Kc7 50. Qd6+ Kc8 51. Qxa6+ Kd7 52. Rd6+ Kc7
53. Qb6+ Kc8 54. b4 Rc7 55. Qa6+ Kb8 56. Rb6+ Rb7 57. Qxb7# 1-0

[Event "Junior Online 4NCL Division 4"]
[Site "online"]
[Date "2020.05.14"]
[Round "5.13"]
[White "Evans, Daniel"]
[Black "Mahajan, Arooj"]
[Result "0-1"]
[WhiteElo "1270"]
[BlackElo "1300"]
[PlyCount "52"]
[EventDate "2020.05.14"]
[WhiteTeam "Harrow Juniors C"]
[BlackTeam "Leicestershire Juniors 2"]

1. c4 Nf6 2. g3 g6 3. Bg2 c5 4. e3 d5 5. cxd5 Nxd5 6. Nc3 Nb4 7. d4 cxd4 8.
exd4 Qxd4 9. Qxd4 Nc2+ 10. Kf1 Nxd4 11. Be3 Nc2 12. Rc1 Nxe3+ 13. fxe3 Nc6 14.
Nb5 Rb8 15. Bxc6+ bxc6 16. Nxa7 Ba6+ 17. Ke1 Rxb2 18. Nxc6 Bh6 19. Rc3 Bb7 20.
Ne5 Bg7 21. Ngf3 Rb1+ 22. Kf2 Rxh1 23. Rb3 Bc8 24. Rb8 Rc1 25. Nxf7 Rc2+ 26.
Kg1 Kxf7 0-1

[Event "Junior Online 4NCL Division 4"]
[Site "online"]
[Date "2020.05.14"]
[Round "5.14"]
[White "Masood, Rameen"]
[Black "Laza, Andrei"]
[Result "0-1"]
[WhiteElo "1097"]
[BlackElo "1315"]
[PlyCount "94"]
[EventDate "2020.05.14"]
[WhiteTeam "Leicestershire Juniors 2"]
[BlackTeam "Harrow Juniors C"]

1. e4 e5 2. Nf3 Nc6 3. Nc3 Nf6 4. d4 Qe7 5. d5 Nb4 6. Bc4 d6 7. O-O Bg4 8. Bb5+
c6 9. dxc6 bxc6 10. Bc4 g6 11. Be3 Bg7 12. a3 d5 13. exd5 cxd5 14. Nxd5 Nfxd5
15. Bxd5 Nxd5 16. Qxd5 O-O 17. Bc5 Bxf3 18. gxf3 Qg5+ 19. Kh1 Rfd8 20. Qc6 Rac8
21. Qb5 Qf5 22. Rad1 Qxf3+ 23. Kg1 Rxd1 24. Rxd1 Qxd1+ 25. Kg2 Qxc2 26. Bxa7
Qc6+ 27. Qxc6 Rxc6 28. b4 Rc3 29. b5 Rxa3 30. b6 Rb3 31. Kf1 Bf8 32. Ke2 Bc5
33. Kd2 Bxb6 34. Bxb6 Rxb6 35. Kd3 Rb2 36. Kc3 Rxf2 37. h4 f5 38. Kd3 f4 39.
Ke4 Re2+ 40. Kf3 Rh2 41. Kg4 h5+ 42. Kg5 f3 43. Kxg6 f2 44. Kxh5 f1=Q 45. Kg5
Rg2+ 46. Kh5 Qf5+ 47. Kh6 Rg6# 0-1

[Event "Junior Online 4NCL Division 4"]
[Site "online"]
[Date "2020.05.14"]
[Round "5.15"]
[White "Cimurs, Alexander"]
[Black "Asryan, Kagik"]
[Result "0-1"]
[WhiteElo "1337"]
[BlackElo "1345"]
[PlyCount "58"]
[EventDate "2020.05.14"]
[WhiteTeam "Leicestershire Juniors 2"]
[BlackTeam "Harrow Juniors C"]

1. e4 e5 2. Nf3 Nc6 3. Bc4 Nf6 4. d3 Bc5 5. Ng5 O-O 6. O-O Na5 7. Na3 Nxc4 8.
Nxc4 h6 9. Nf3 d6 10. h3 a5 11. a4 Be6 12. b3 b6 13. Bb2 Re8 14. Qe1 c6 15. c3
d5 16. Ncxe5 dxe4 17. dxe4 Bxb3 18. Nxc6 Qc7 19. Nce5 Rxe5 20. Nxe5 Qxe5 21.
Rb1 Bc4 22. Qd2 Bxf1 23. Kxf1 Nxe4 24. Qc2 Bxf2 25. c4 Qf4 26. Bc1 Be3+ 27. Ke1
Bxc1 28. Rxc1 Qe3+ 29. Kf1 Ng3# 0-1

[Event "Junior Online 4NCL Division 4"]
[Site "online"]
[Date "2020.05.14"]
[Round "5.16"]
[White "Paul, Alexandre"]
[Black "Datoo, Noor"]
[Result "1-0"]
[WhiteElo "1352"]
[BlackElo "1307"]
[PlyCount "57"]
[EventDate "2020.05.14"]
[WhiteTeam "Harrow Juniors C"]
[BlackTeam "Leicestershire Juniors 2"]

1. e4 e5 2. Nf3 Nc6 3. Nc3 Nf6 4. Bb5 Bc5 5. O-O d6 6. d3 Bd7 7. Bg5 a6 8. Bc4
Be6 9. Bd5 Bxd5 10. Nxd5 h6 11. Bxf6 gxf6 12. b4 Bxb4 13. Rb1 a5 14. c3 Bc5 15.
Rxb7 Rb8 16. Rxc7 Rc8 17. Rxc8 Qxc8 18. Nxf6+ Kf8 19. d4 exd4 20. cxd4 Qd8 21.
e5 dxe5 22. dxe5 Bxf2+ 23. Kxf2 Qb6+ 24. Kg3 Qc7 25. Re1 h5 26. h4 Rh6 27. Kh3
Qc8+ 28. Kh2 Ke7 29. Qd6# 1-0

[Event "Junior Online 4NCL Division 4"]
[Site "online"]
[Date "2020.05.14"]
[Round "5.17"]
[White "Mahajan, Arooj"]
[Black "Evans, Daniel"]
[Result "1-0"]
[WhiteElo "1300"]
[BlackElo "1270"]
[PlyCount "33"]
[EventDate "2020.05.14"]
[WhiteTeam "Leicestershire Juniors 2"]
[BlackTeam "Harrow Juniors C"]

1. Nf3 c5 2. c4 d6 3. Nc3 Nc6 4. e3 Bg4 5. Be2 Nf6 6. d4 cxd4 7. exd4 e6 8. d5
exd5 9. cxd5 Ne7 10. Bg5 Ng6 11. Bxf6 Qxf6 12. O-O Qd8 13. Qd4 Bxf3 14. Bb5+
Ke7 15. Rae1+ Ne5 16. Rxe5+ dxe5 17. Qxe5# 1-0

[Event "Junior Online 4NCL Division 4"]
[Site "online"]
[Date "2020.05.14"]
[Round "5.18"]
[White "Laza, Andrei"]
[Black "Masood, Rameen"]
[Result "1/2-1/2"]
[WhiteElo "1315"]
[BlackElo "1097"]
[PlyCount "75"]
[EventDate "2020.05.14"]
[WhiteTeam "Harrow Juniors C"]
[BlackTeam "Leicestershire Juniors 2"]

1. e4 e6 2. d4 d5 3. e5 c5 4. c3 Nc6 5. Nf3 Nge7 6. Bd3 Nf5 7. O-O cxd4 8. cxd4
Nfxd4 9. Nxd4 Nxd4 10. Qa4+ Nc6 11. Bb5 Bd7 12. Nc3 Be7 13. Re1 O-O 14. Qb3 Nd4
15. Qa4 Nxb5 16. Nxb5 a6 17. Qb3 Bxb5 18. a4 Qa5 19. Be3 Bb4 20. Rec1 Rac8 21.
axb5 Rxc1+ 22. Rxc1 Qxb5 23. Bc5 Rc8 24. Rc2 Rxc5 25. Rxc5 Qxc5 26. g3 d4 27.
Qa4 g5 28. Qe8+ Kg7 29. Qd8 Qc1+ 30. Kg2 f6 31. Qxf6+ Kg8 32. Qd8+ Kf7 33. Qf6+
Kg8 34. Qd8+ Bf8 35. Qf6 Qxb2 36. Qxe6+ Kg7 37. Qf6+ Kg8 38. Qe6+ 1/2-1/2

[Event "Junior Online 4NCL Division 4"]
[Site "online"]
[Date "2020.05.14"]
[Round "5.21"]
[White "Ravithas, Abinash"]
[Black "Wang, Yong Gui"]
[Result "1-0"]
[WhiteElo "1285"]
[BlackElo "1600"]
[PlyCount "65"]
[EventDate "2020.05.14"]
[WhiteTeam "St Albans Early Knights 3"]
[BlackTeam "KJCA Young Kestrels D"]

1. e4 e6 2. d4 d5 3. exd5 exd5 4. Nc3 Nf6 5. Bf4 Bb4 6. a3 Ba5 7. b4 Bb6 8. Nf3
O-O 9. Be2 a5 10. O-O axb4 11. axb4 Rxa1 12. Qxa1 Nc6 13. Na2 Re8 14. Bb5 Bg4
15. Ne5 Bxd4 16. Nxc6 bxc6 17. Qxd4 cxb5 18. Bg5 Re6 19. Bxf6 Qxf6 20. Qxg4 h6
21. h3 Re4 22. Qc8+ Kh7 23. Qxc7 Re7 24. Qc5 Re5 25. Qxb5 d4 26. Qd3+ g6 27.
Qxd4 Qe6 28. Nc3 Rg5 29. Ne4 Re5 30. Re1 Kg7 31. f4 f6 32. fxe5 fxe5 33. Nc5
1-0

[Event "Junior Online 4NCL Division 4"]
[Site "online"]
[Date "2020.05.14"]
[Round "5.22"]
[White "Ajili, Nour"]
[Black "Owladi, Dara"]
[Result "1-0"]
[WhiteElo "1547"]
[BlackElo "1277"]
[PlyCount "55"]
[EventDate "2020.05.14"]
[WhiteTeam "KJCA Young Kestrels D"]
[BlackTeam "St Albans Early Knights 3"]

1. e4 e5 2. Nf3 Nc6 3. Bc4 Bc5 4. c3 Nf6 5. d4 exd4 6. cxd4 Bb4+ 7. Bd2 Nxe4 8.
Bxb4 Nxb4 9. Bxf7+ Kxf7 10. Qb3+ d5 11. Qxb4 Bg4 12. Ne5+ Kg8 13. Nxg4 Qe8 14.
O-O b6 15. Re1 h5 16. Ne5 Nd6 17. Qb3 Nc4 18. Nc3 Qc8 19. Nxd5 Nxe5 20. Ne7+
Kf8 21. Rxe5 Qe8 22. Qf3+ Qf7 23. Qxa8+ Qe8 24. Ng6+ Kf7 25. Nxh8+ Qxh8 26.
Qxh8 a5 27. Qe8+ Kf6 28. Qe6# 1-0

[Event "Junior Online 4NCL Division 4"]
[Site "online"]
[Date "2020.05.14"]
[Round "5.23"]
[White "Vitvitska, Vasylyna"]
[Black "Sagar, Aneesh"]
[Result "0-1"]
[WhiteElo "1187"]
[BlackElo "1607"]
[PlyCount "92"]
[EventDate "2020.05.14"]
[WhiteTeam "St Albans Early Knights 3"]
[BlackTeam "KJCA Young Kestrels D"]

1. e4 e5 2. f4 exf4 3. Nf3 Nc6 4. d4 d5 5. Nc3 dxe4 6. Nxe4 Bg4 7. Bxf4 Bxf3 8.
gxf3 Nxd4 9. c3 Ne6 10. Be5 Ne7 11. Qd2 Qxd2+ 12. Nxd2 O-O-O 13. O-O-O Ng6 14.
Bg3 Ngf4 15. Rg1 Be7 16. Bc4 Bf6 17. Rge1 Rhe8 18. Bxf4 Nxf4 19. Bxf7 Nd3+ 20.
Kb1 Rxe1 21. Rxe1 Nxe1 22. Be6+ Kb8 23. Kc1 Bg5 24. Bf5 Rxd2 25. Bb1 Rc2+ 26.
Kd1 Rxb2 27. Kxe1 Rxb1+ 28. Kf2 Rb2+ 29. Ke1 Rxa2 30. Kf1 Rxh2 31. Kg1 Ra2 32.
Kf1 Kc8 33. Ke1 Kd7 34. Kf1 Bf4 35. Ke1 Kd6 36. Kf1 Rd2 37. Ke1 c5 38. Kf1 b5
39. Ke1 Be3 40. Kf1 Kd5 41. Ke1 Kc4 42. f4 Bxf4 43. Kf1 Kxc3 44. Ke1 Kd3 45.
Kf1 c4 46. Ke1 c3 0-1

[Event "Junior Online 4NCL Division 4"]
[Site "online"]
[Date "2020.05.14"]
[Round "5.24"]
[White "Sanka, Amit Aryan"]
[Black "Demura, Dmitrii"]
[Result "0-1"]
[WhiteElo "1562"]
[BlackElo "1142"]
[PlyCount "49"]
[EventDate "2020.05.14"]
[WhiteTeam "KJCA Young Kestrels D"]
[BlackTeam "St Albans Early Knights 3"]

1. Nf3 Nc6 2. e3 e5 3. c4 Bc5 4. Nc3 a6 5. Be2 d6 6. O-O Nf6 7. b3 O-O 8. Bb2
h6 9. d3 Bg4 10. h3 Bh5 11. Nxe5 dxe5 12. Bxh5 Nxh5 13. Qxh5 Qxd3 14. Rad1 Qh7
15. Nd5 Qc2 16. Rb1 Rad8 17. Rfc1 Qd3 18. Bxe5 Rd7 19. Nxc7 Rfd8 20. Rd1 Qxd1+
21. Rxd1 Rxd1+ 22. Kh2 Nxe5 23. Qxe5 Bd6 24. Qg3 Bxg3+ 25. Kxg3 0-1

[Event "Junior Online 4NCL Division 4"]
[Site "online"]
[Date "2020.05.14"]
[Round "5.25"]
[White "Wang, Yong Gui"]
[Black "Ravithas, Abinash"]
[Result "1-0"]
[WhiteElo "1600"]
[BlackElo "1285"]
[PlyCount "173"]
[EventDate "2020.05.14"]
[WhiteTeam "KJCA Young Kestrels D"]
[BlackTeam "St Albans Early Knights 3"]

1. e4 e5 2. Nf3 Nc6 3. Bc4 Bc5 4. c3 Nf6 5. d4 exd4 6. e5 Qe7 7. cxd4 Bb4+ 8.
Nc3 Bxc3+ 9. bxc3 d6 10. O-O dxe5 11. dxe5 Nxe5 12. Nxe5 Qxe5 13. Re1 Ne4 14.
f3 Qc5+ 15. Qd4 Qxd4+ 16. cxd4 O-O 17. fxe4 Re8 18. e5 Kf8 19. Ba3+ Kg8 20. Rf1
Be6 21. d5 Bd7 22. Rae1 a6 23. e6 fxe6 24. dxe6 Bc8 25. e7+ Kh8 26. Rf8+ Rxf8
27. exf8=N Bf5 28. Re5 g6 29. Rxf5 Kg7 30. Rf7+ Kh6 31. Rxh7+ Kg5 32. Ne6+ Kf5
33. Nxc7 Rd8 34. Rf7+ Ke4 35. Re7+ Kf5 36. Be6+ Kf4 37. Bc1+ Ke5 38. Bb3+ Kd6
39. Bg5 Rc8 40. Kf1 Rxc7 41. Rxc7 Kxc7 42. Ke2 Kd6 43. Ke3 Ke5 44. Bf4+ Kf5 45.
Bc2+ Kf6 46. Kd4 g5 47. Bg3 Ke6 48. Be4 b6 49. Bb7 a5 50. Bc7 Kf5 51. Bxb6 a4
52. Bc6 a3 53. Bc5 Kg4 54. Bxa3 Kh4 55. Bd7 g4 56. Be7+ Kh5 57. Be8+ Kh6 58. a4
g3 59. h3 Kg7 60. a5 Kg8 61. a6 Kg7 62. a7 Kg8 63. a8=Q Kg7 64. Qa1 Kh6 65.
Qc1+ Kh7 66. Qc2+ Kh6 67. Qd2+ Kh7 68. Qd3+ Kh6 69. Qe3+ Kh7 70. Qe4+ Kh6 71.
Qf4+ Kh7 72. Qf5+ Kh6 73. Qg5+ Kh7 74. Qxg3 Kh8 75. Bf6+ Kh7 76. Qh4+ Kg8 77.
Qg5+ Kf8 78. Qg7+ Kxe8 79. Be5 Kd8 80. h4 Ke8 81. h5 Kd8 82. h6 Ke8 83. h7 Kd8
84. h8=N Kc8 85. Ng6 Kd8 86. Qe7+ Kc8 87. Qc7# 1-0

[Event "Junior Online 4NCL Division 4"]
[Site "online"]
[Date "2020.05.14"]
[Round "5.26"]
[White "Owladi, Dara"]
[Black "Ajili, Nour"]
[Result "0-1"]
[WhiteElo "1277"]
[BlackElo "1547"]
[PlyCount "92"]
[EventDate "2020.05.14"]
[WhiteTeam "St Albans Early Knights 3"]
[BlackTeam "KJCA Young Kestrels D"]

1. e4 e6 2. d4 d5 3. e5 c5 4. c3 Nc6 5. Nf3 Qb6 6. b3 Bd7 7. Be2 Nge7 8. O-O
Nf5 9. Bb2 cxd4 10. cxd4 Be7 11. h3 O-O 12. g4 Nh6 13. Nc3 Rac8 14. Na4 Qd8 15.
Qc1 Nxd4 16. Qd1 Nxf3+ 17. Bxf3 Bh4 18. Qe2 Qg5 19. Bd4 f5 20. exf6 gxf6 21.
Bxa7 f5 22. Be3 f4 23. Bc5 Rf7 24. Bd4 Nf5 25. Bb6 Bxa4 26. bxa4 Rc6 27. Rab1
h5 28. Kh1 hxg4 29. hxg4 Rh7 30. Kg2 Qg6 31. Rfe1 Bf6 32. Rh1 Nh4+ 33. Kg1
Nxf3+ 34. Qxf3 Rxh1+ 35. Kxh1 Qxb1+ 36. Kh2 Rxb6 37. Qxf4 Qh7+ 38. Kg3 e5 39.
Qd2 Qh4+ 40. Kg2 Qxg4+ 41. Kf1 Rb1+ 42. Qe1 Qc4+ 43. Kg1 Rxe1+ 44. Kg2 Qg4+ 45.
Kh2 Rg1 46. f3 Qg3# 0-1

[Event "Junior Online 4NCL Division 4"]
[Site "online"]
[Date "2020.05.14"]
[Round "5.27"]
[White "Sagar, Aneesh"]
[Black "Vitvitska, Vasylyna"]
[Result "0-1"]
[WhiteElo "1607"]
[BlackElo "1187"]
[PlyCount "115"]
[EventDate "2020.05.14"]
[WhiteTeam "KJCA Young Kestrels D"]
[BlackTeam "St Albans Early Knights 3"]

1. e4 e5 2. Nf3 Nc6 3. Bc4 Nd4 4. Nxe5 Qg5 5. Nf3 Qxg2 6. Nxd4 Qxh1+ 7. Bf1
Qxe4+ 8. Qe2 Qxe2+ 9. Bxe2 Bc5 10. Nb3 d6 11. Nxc5 dxc5 12. Nc3 Bf5 13. Nd5
O-O-O 14. Ne3 g6 15. b3 Nf6 16. Bb2 Rd6 17. Nxf5 gxf5 18. O-O-O Rg8 19. Bc4 Ne4
20. Bxf7 Rg2 21. Bg8 Rxg8 22. Ba3 b6 23. d3 Nc3 24. Rd2 Rg1+ 25. Kb2 Rb1+ 26.
Kxc3 b5 27. b4 cxb4+ 28. Bxb4 Rc6+ 29. Kd4 Rxb4+ 30. Ke3 Re6+ 31. Kf3 Rb2 32.
Kf4 Rxa2 33. Kxf5 Re1 34. f4 Ra4 35. c3 Rf1 36. c4 bxc4 37. d4 c3 38. Rc2 Rxd4
39. Rxc3 Rdxf4+ 40. Ke5 Rh4 41. Ra3 Kb7 42. Rb3+ Ka8 43. Rc3 Re1+ 44. Kd5 Rg1
45. Kc6 Kb8 46. Rb3+ Kc8 47. Ra3 Rh5 48. Rg3 Rxg3 49. hxg3 Rg5 50. g4 Rxg4 51.
Kb5 h6 52. Ka6 h5 53. Kxa7 h4 54. Ka6 h3 55. Kb5 h2 56. Kc5 h1=Q 57. Kb5 Qh5+
58. Kc6 0-1

[Event "Junior Online 4NCL Division 4"]
[Site "online"]
[Date "2020.05.14"]
[Round "5.28"]
[White "Demura, Dmitrii"]
[Black "Sanka, Amit Aryan"]
[Result "0-1"]
[WhiteElo "1142"]
[BlackElo "1562"]
[PlyCount "30"]
[EventDate "2020.05.14"]
[WhiteTeam "St Albans Early Knights 3"]
[BlackTeam "KJCA Young Kestrels D"]

1. e4 e6 2. Nc3 d5 3. exd5 exd5 4. d4 Nf6 5. Nf3 Be7 6. Nb5 c6 7. Nc3 Bg4 8. h3
Bxf3 9. Qxf3 Nbd7 10. Bd3 Qb6 11. Be3 Qxb2 12. O-O Qxc3 13. Bh6 gxh6 14. Be2
Qxd4 15. Rfd1 Qc5 0-1

[Event "Junior Online 4NCL Division 4"]
[Site "online"]
[Date "2020.05.14"]
[Round "5.31"]
[White "Brady, Fearghal"]
[Black "Surapaneni, Rohit"]
[Result "1/2-1/2"]
[WhiteElo "1450"]
[BlackElo "1465"]
[PlyCount "108"]
[EventDate "2020.05.14"]
[WhiteTeam "St Benildus 2"]
[BlackTeam "Cheshire8Y"]

1. e4 e5 2. Nf3 Nc6 3. Bc4 Bc5 4. c3 Nf6 5. d4 exd4 6. cxd4 Bb4+ 7. Nbd2 d5 8.
exd5 Nxd5 9. O-O O-O 10. a3 Ba5 11. b4 Bb6 12. Nb3 Bg4 13. Bb2 Nf6 14. d5 Ne7
15. Bxf6 gxf6 16. Nc5 Bxc5 17. bxc5 Ng6 18. Qb3 b6 19. cxb6 axb6 20. h3 Bd7 21.
Rfe1 Kg7 22. Nd4 Re8 23. f4 Nxf4 24. Nc6 Bxc6 25. dxc6 Rxe1+ 26. Rxe1 Qf8 27.
Qg3+ Ng6 28. Kh1 Qc5 29. Be2 Qxc6 30. Bf3 Rxa3 31. Qxg6+ fxg6 32. Bxc6 Rc3 33.
Re7+ Kh6 34. Rxc7 b5 35. Rc8 b4 36. Bb7 Rxc8 37. Bxc8 b3 38. Ba6 b2 39. Bd3 Kg5
40. g3 f5 41. Kg2 f4 42. Kf3 fxg3 43. Kxg3 h5 44. h4+ Kf6 45. Kf4 Kg7 46. Kg5
Kf7 47. Bxg6+ Kg7 48. Bb1 Kf7 49. Kxh5 Kg7 50. Kg5 Kh8 51. h5 Kg7 52. h6+ Kh8
53. Kh5 Kg8 54. Kg6 Kh8 1/2-1/2

[Event "Junior Online 4NCL Division 4"]
[Site "online"]
[Date "2020.05.14"]
[Round "5.32"]
[White "Sajid, Aryan"]
[Black "Lievens, Karel"]
[Result "0-1"]
[WhiteElo "1405"]
[BlackElo "1416"]
[PlyCount "106"]
[EventDate "2020.05.14"]
[WhiteTeam "Cheshire8Y"]
[BlackTeam "St Benildus 2"]

1. e4 e5 2. Nf3 Nc6 3. d4 exd4 4. Bc4 Nf6 5. c3 Nxe4 6. cxd4 d5 7. Bd3 Bd6 8.
O-O O-O 9. Nc3 f5 10. Re1 Ne7 11. Bg5 Nxg5 12. Nxg5 Nc6 13. Qh5 h6 14. Nf3 Bd7
15. Nxd5 Be8 16. Qh3 Bxh2+ 17. Qxh2 Qxd5 18. Rac1 Rf7 19. Bc4 Qd7 20. Bxf7+
Bxf7 21. Qf4 Bxa2 22. Ne5 Nxe5 23. dxe5 Be6 24. Qf3 c6 25. Rcd1 Qc7 26. Qh5 Rd8
27. b4 Rxd1 28. Qxd1 Kf7 29. f4 Qd7 30. Qxd7+ Bxd7 31. Kf2 b6 32. e6+ Bxe6 33.
Kf3 Bd5+ 34. Ke3 a6 35. Kd4 b5 36. Kc5 Bxg2 37. Kb6 Bd5 38. Kxa6 g5 39. fxg5
hxg5 40. Rf1 Kg6 41. Kb6 g4 42. Kc5 Kg5 43. Kd4 f4 44. Ke5 f3 45. Kd4 Kf4 46.
Kd3 Bc4+ 47. Kd2 Bxf1 48. Ke1 Bc4 49. Kf2 g3+ 50. Kg1 Ke3 51. Kh1 f2 52. Kg2
f1=Q+ 53. Kxg3 Qf4+ 0-1